MARC

LEADER 00000nam0a2200000 4500
001 33604
005 20231030215133.0
035 |a (RuTPU)RU\TPU\book\33959 
035 |a BOOK00000610 
090 |a 33604 
100 |a 20011210d1967 k y0rusy50 ca 
101 0 |a rus 
102 |a RU 
105 |a a z 001zy 
200 1 |a Тепловые расчеты электрических аппаратов  |f А. М. Залесский, Г. А. Кукеков 
210 |a Ленинград  |c Энергия  |d 1967 
215 |a 379 с.  |c черт. 
320 |a Библиогр.: с. 372-376 
610 1 |a электрические аппараты 
610 1 |a тепловые расчеты 
610 1 |a методы 
610 1 |a примеры 
675 |a 621.3.002.5  |v 3 
700 1 |a Залесский  |b А. М.  |g Александр Михайлович 
701 1 |a Кукеков  |b Г. А.  |g Георгий Александрович 
801 0 |a RU  |b 63413507  |c 20011210  |g PSBO 
801 2 |a RU  |b 63413507  |c 20200623  |g PSBO 
900 |a Специальные электрические аппараты 
900 |a Теплообмен в электрических аппаратах 
942 |c BK